| 000 | 01227nam a2200361 a 4500 | ||
|---|---|---|---|
| 001 | 57883 | ||
| 003 | BD-RjUL | ||
| 005 | 20211209080548.0 | ||
| 008 | 161212s1984 coua b 001 0 eng | ||
| 020 |
_a0813300401 : _c$25.00 (est.) |
||
| 020 |
_a081330041X (pbk.) : _c$11.95 (est.) |
||
| 035 | _a(OCoLC)10800569 | ||
| 035 | _a(OCoLC)ocm10800569 | ||
| 035 | _a(CStRLIN)NYCG85-B569 | ||
| 035 | _a(BD-RjUL)58007 | ||
| 035 | _a(NNC)353884 | ||
| 040 |
_dCStRLIN _aBD-RjUL _beng _cBD-RjUL |
||
| 041 | _aeng | ||
| 082 | 0 |
_a320.98 _223 _bHUP 1984 |
|
| 090 |
_aJL960 _b.H83 1984 |
||
| 100 | 1 |
_aHughes, Steven W. _9171929 |
|
| 245 | 1 | 0 |
_aPolitics and public policy in Latin America / _cSteven W. Hughes & Kenneth J. Mijeski ; with case studies by Stephen G. Bunker ... [et al.]. |
| 260 |
_aBoulder : _bWestview Press, _c1984. |
||
| 300 |
_axi, 256 p. : _bill. ; _c24 cm. |
||
| 500 | _aIncludes | ||
| 504 | _aIncludes Bibliography: p. 227-242. and index. | ||
| 650 | 0 |
_aPolitical planning _zLatin America. _9171930 |
|
| 650 | 0 |
_aPolicy sciences. _9171931 |
|
| 651 | 0 |
_aLatin America _xPolitics and government _y1948-1980. _9171932 |
|
| 700 | 1 |
_aMijeski, Kenneth J. _9171933 |
|
| 942 |
_2ddc _cBK |
||
| 999 |
_c57883 _d57883 |
||